Central Library OPAC University of Rajshahi

অনুজীববিজ্ঞান (Record no. 71032)

MARC details
000 -LEADER
fixed length control field 01049nam a2200265 a 4500
001 - CONTROL NUMBER
control field 71032
003 - CONTROL NUMBER IDENTIFIER
rucl marc code BD-RjUL
005 - DATE AND TIME OF LATEST TRANSACTION
control field 20211209082053.0
008 - FIXED-LENGTH DATA ELEMENTS--GENERAL INFORMATION
fixed length control field 170423s2003 bg a|||| b||| 00| 0 ben d
020 ## - INTERNATIONAL STANDARD BOOK NUMBER
Terms of availability Tk.220.00
035 ## - SYSTEM CONTROL NUMBER
System control number (BD-RjUL)71246
040 ## - CATALOGING SOURCE
Original cataloging agency BD-RjUL
Language of cataloging ben
Transcribing agency BD-RjUL
041 ## - LANGUAGE CODE
Language code of text/sound track or separate title ben
082 ## - DEWEY DECIMAL CLASSIFICATION NUMBER
Edition number 23
Classification number 579
Author mark and year ISA 2003
100 ## - MAIN ENTRY--PERSONAL NAME
Personal name ইসলাম, মো: রফিকুল
9 (RLIN) 144708
245 10 - TITLE STATEMENT
Title অনুজীববিজ্ঞান
Remainder of title = Microbiology /
Statement of responsibility, etc. মো: রফিকুল ইসলাম, মিহির লাল সাহা এবং এম. এ. বাসার
260 ## - PUBLICATION, DISTRIBUTION, ETC. (IMPRINT)
Place of publication, distribution, etc. ঢাকা :
Name of publisher, distributor, etc. হাসান বুক হাউস,
Date of publication, distribution, etc. ২০০৩
300 ## - PHYSICAL DESCRIPTION
Pagination ২৭৬ পৃ. :
Illustrations চিত্র ;
Size ২৫ সেমি.
504 ## - BIBLIOGRAPHY, ETC. NOTE
Bibliography, etc গ্রন্থপন্জি
650 ## - SUBJECT ADDED ENTRY--TOPICAL TERM
Topical term or geographic name as entry element অনুজীববিজ্ঞান
9 (RLIN) 210154
Topical term or geographic name as entry element Microbiology
9 (RLIN) 210155
700 ## - ADDED ENTRY--PERSONAL NAME
Personal name সাহা, মিহির লাল
Personal name বাসার, এম. এ.
942 ## - ADDED ENTRY ELEMENTS (KOHA)
Source of classification or shelving scheme Dewey Decimal Classification
Koha item type Books
Holdings
Lost status Source of classification or shelving scheme Damaged status Not for loan Collection code Permanent Location Current Location Shelving location Date acquired Source of acquisition Cost, normal purchase price Total Checkouts Full call number Date last seen Copy number Koha item type
  Dewey Decimal Classification   Not For Loan Non-fiction Central Library, University of Rajshahi Central Library, University of Rajshahi Reading Room 27/05/2008 Kustari book centre, Dhaka 220.00   B 579 ISA 2003 23/04/2017 C-1 Books